Регионална библиотека "Любен Каравелов" - Русе

Ентомология (Запис номер 10281)

MARC детайли
000 -Лидер
Контролно поле с фиксирана дължина 01548nam a2200349 c 4500
003 - Код на организацията, давaща контролен номер
Контролно поле BLK
005 - Дата и час на последна редакция
Контролно поле 20221115172647.0
008 - Елементи от данни с фиксирана дължина
fixed length control field 180412b bul|||||r ||||||| ||bul||
010 ## - Наследен системен номер
LC control number KNG00011764000
020 ## - Международен стандартен номер на книга ISBN
Международен стандартен номер на книга ISBN 954-05-0281-0
-- издат.: Земиздат
040 ## - Източник на каталожния запис
Идентификатор на билиотеката - собственик на записа BLK
041 ## - Код за език
Код за езика на текст/звукозапис или на отделно заглавие Български
Код за езика КДБФ Български
080 ## - УДК
Текстов определител УДК Насекоми, вредители на селскостопанските растения
УДК код - определител по УДК 632.7
УДК определител (075.8)
УДК - код + определител 632.7(075.8)
080 ## - УДК
Текстов определител УДК Насекоми. Insecta. Ентомология
УДК код - определител по УДК 595.7
УДК определител (075.8)
УДК - код + определител 595.7(075.8)
100 1# - Редна дума - Автор
Автор Харизанов, Ангел Филипов
Авторска отговорност първи автор
R(LIN) 364384
139 ## - Редно поле
Редна дума Харизанов, Ангел Филипов
Авторски знак Хари - Х 27
245 10 - Сведения за заглавието
Заглавие Ентомология
Подзаглавни данни Учебник за студентите от ВСИ - Пловдив, Фак. по полевъдство и по лозаро-градинарство
Редно поле (дума) Ангел Филипов Харизанов.
250 ## - Област на изданието
Сведения за изданието 2. прераб. и доп. изд
257 ## - Страна на издаване
Страна на създаване/издаване България
260 ## - Област на издателските данни
-- София
Име на издателя, разпространителя и проч. Земиздат
Година на издаване 1996
300 ## - Физическа характеристика
Страници 416 с.
Илюстрации и др. с ил.
Размери/Мащаб 25 см
380 ## - Жанр
Жанр Естествени науки. Математика
500 ## - Общи забележки
Забележка Деп. списък: 10 1. изд. 1988 ; 700 тир
650 #4 - Допълнително описание по предмет – тема
Основно описание – тема или топоним Ентомология - учебници за ВУЗ
9 (RLIN) 255356
650 #4 - Допълнително описание по предмет – тема
Основно описание – тема или топоним Ентомология, селскостопанска - учебници за ВУЗ
9 (RLIN) 255357
653 ## - Ключова дума – ненормативна
Ключова дума ентомология
852 ## - Местоположение
Форматна сигнатура Цб 188244
856 4# - Електронен адрес и достъп
Електронен формат pdf - файл
Път до файла /url/
856 4# - Електронен адрес и достъп
Електронен формат pdf - файл
Път до файла /url/
942 ## - АРТИКУЛИ
Вид на библиотечния материал Книги
Скрит в OPAC Не
Koha issues (borrowed), all copies 1
944 ## - СЪЗДАВАНЕ И РЕДАКЦИЯ на ЗАПИСА
Създаване/Редакция Създаване
Дата на регистрацията/редакция 15.01.2003
Служител, извършил регистрацията/редакцията Кети_Илиева
944 ## - СЪЗДАВАНЕ И РЕДАКЦИЯ на ЗАПИСА
Създаване/Редакция Редакция
Дата на регистрацията/редакция 18.10.2005
Служител, извършил регистрацията/редакцията
999 ## - СИСТЕМНИ КОНТРОЛНИ НОМЕРА
Koha biblionumber 10281
Koha biblioitemnumber 10281
Наличности
Код за отписване Код за изгубен артикул Източник на класификационната схема Код за повреда Коз за рестрикции Код за отдаване Артикулен № Име на библиотеката - собственик Име на библиотеката, в която се намира в момента Статус (Текущо местоположение) Дата на вписване в системата Местоположение - отдел Цена в лева Инвентарен номер Систематично азбучна сигнатура Баркод Номер на екземпляра Цена в евро Служебен тип на артикула Служебна бележка
  Не е изгубен Universal Decimal Classification Не е повреден без рестрикции ползва се в читалня 17846 Регионална библиотека "Любен Каравелов" Русе Регионална библиотека "Любен Каравелов" Русе Хранилище 2001-01-01 Хранилище 0.00 621081 Цб 188244 120000621081 1 0.00 Книги  
Изтеглен Не е изгубен Universal Decimal Classification Не е повреден без рестрикции ползва се в читалня 17847 Регионална библиотека "Любен Каравелов" Русе Регионална библиотека "Любен Каравелов" Русе Читалня 2001-01-01 Читалня 8.20 637562 Ч 632/Х 27 637562 2 4.19 Книги Дата инв: 20.03.2017 Бележки инв: Ч2017
Vip Innovations Ltd, Rousse, Bulgaria 2025